000 00394nam a2200133Ia 4500
008 220204s9999 xx 000 0 und d
082 _a633.584.5(595O)
_bWON
100 _aWong, K M
245 0 _aBamboos of Peninsular Malaysia
260 _aKuala Lumpur
_bForest Research Institute
_c1995
490 _aMalaysian Research Institute 1995
650 _aSilvicultural considerations
942 _cBK
999 _c43800
_d43800